000 00397nam a2200157Ia 4500
008 100122s9999 xx 000 0 und d
082 _b72452
_a823
100 _aराजे शैलजा
245 _aललाट
250 _a1
260 _bनवचैतन्य प्रकाशन
_c1990
300 _a152
630 _aललाट
730 _aललाट
942 _cBOOK
999 _c388339
_d388336